Statystyki dla Kluby piłkarskie w Krakowie

Kliknij tutaj aby rozwiązać quiz!

Ogólne statystyki

  • Ten quiz został rozwiązany 1 039 razy
  • Średni wynik to 6 z 15

Statystyki odpowiedzi

LigaOdpowiedź% Poprawnych
EkstraklasaWisła Kraków
99%
EkstraklasaCracovia
94%
II LigaGarbarnia Kraków
79%
III Liga - Grupa IVHutnik Kraków
79%
Klasa BWawel Kraków
36%
IV LigaClepardia Kraków
33%
Liga OkręgowaKS Wieczysta Kraków
30%
Klasa AKabel Kraków
28%
Liga OkręgowaNadwiślan Kraków
28%
Klasa AZwierzyniecki Kraków
27%
Liga OkręgowaDąbski KS Kraków
25%
Liga OkręgowaKKS Prokocim Kraków
25%
Liga OkręgowaKS Bronowianka Kraków
25%
Klasa AKS Podgórze Kraków
25%
Liga OkręgowaKS Prądniczanka
4%

Rozkład punktacji

Percentyl według liczby udzielonych odpowiedzi

Procent ludzi z każdym wynikiem

Twoja historia wyników

Nie rozwiązałeś tego quizu